Every Song by the Kills - Statistics

General Stats
  • This quiz has been taken 8 times
  • The average score is 19 of 82
Answer Stats
Album Song % Correct
Blood Pressures(2011) Baby Says
75%
Keep on Your Mean Side(2003) Black Rooster
75%
Ash & Ice(2016) Doing It to Death
75%
Blood Pressures(2011) Future Starts Slow
75%
Non-Album(2018) List of Demands (Reparations)
75%
No Wow(2005) No Wow/Telephone Radio Germany
75%
Midnight Boom(2008) Black Balloon
50%
Midnight Boom(2008) Cheap and Cheerful
50%
Keep on Your Mean Side(2003) Fuck the People
50%
Midnight Boom(2008) Getting Down
50%
God Games(2023) God Games
50%
Black Rooster(2002) Gum (Intermission Red Meat Heart)
50%
Ash & Ice(2016) Heart of a Dog
50%
Keep on Your Mean Side(2003) Hitched
50%
Ash & Ice(2016) Impossible Tracks
50%
Keep on Your Mean Side(2003) Monkey 23
50%
Blood Pressures(2011) Satellite
50%
Ash & Ice(2016) Siberian Nights
50%
No Wow(2005) The Good Ones
50%
Midnight Boom(2008) U.R.A. Fever
50%
Midnight Boom(2008) Alphabet Pony
25%
No Wow(2005) At the Back of the Shell
25%
Keep on Your Mean Side(2003) Cat Claw
25%
Blood Pressures(2011) Damned If She Do
25%
No Wow(2005) Dead Road 7
25%
Blood Pressures(2011) DNA
25%
Black Rooster(2002) Dropout Boogie
25%
Keep on Your Mean Side(2003) Fried My Little Brains
25%
Keep on Your Mean Side(2003) Hand
25%
Midnight Boom(2008) Hook and Line
25%
No Wow(2005) I Hate the Way You Love
25%
No Wow(2005) I Hate the Way You Love, Pt. 2
25%
Keep on Your Mean Side(Bonus)(2009) Jewel Thief
25%
Keep on Your Mean Side(2003) Kissy Kissy
25%
God Games(2023) LA Hex
25%
Midnight Boom(2008) Last Day of Magic
25%
No Wow(2005) Love Is a Deserter
25%
No Wow(2005) Murdermile
25%
God Games(2023) New York
25%
Midnight Boom(Bonus)(2008) Night Train
25%
Blood Pressures(2011) Pots and Pans
25%
Keep on Your Mean Side(2003) Pull a U
25%
Midnight Boom(2008) Sour Cherry
25%
Keep on Your Mean Side(2003) Superstition
25%
No Wow(2005) Sweet Cloud
25%
Midnight Boom(2008) Tape Song
25%
Blood Pressures(2011) The Last Goodbye
25%
No Wow(2005) Ticket Man
25%
Keep on Your Mean Side(2003) Wait
25%
Midnight Boom(2008) What New York Used to Be
25%
Blood Pressures(2011) Wild Charms
25%
God Games(2023) 103
0%
No Wow(Bonus)(2005) Baby's Eyes
0%
God Games(2023) Better Days
0%
Ash & Ice(2016) Bitter Fruit
0%
Ash & Ice(2016) Black Tar
0%
God Games(2023) Blank
0%
God Games(2023) Bullet Sound
0%
Ash & Ice(2016) Days of Why and How
0%
No Wow(Bonus)(2005) Run Home Slow
0%
Ash & Ice(2016) Echo Home
0%
God Games(2023) Going to Heaven
0%
Midnight Boom(2008) Goodnight Bad Morning
0%
Keep on Your Mean Side(2003) Gypsy Death & You
0%
No Wow(Bonus)(2005) Half of Us
0%
Ash & Ice(2016) Hard Habit to Break
0%
Blood Pressures(2011) Heart Is a Beating Drum
0%
Ash & Ice(2016) Hum for Your Buzz
0%
God Games(2023) Kingdom Come
0%
Ash & Ice(2016) Let It Drop
0%
God Games(2023) Love and Tenderness
0%
No Wow(Bonus)(2005) Magazine
0%
Midnight Boom(2008) M.E.X.I.C.O.
0%
God Games(2023) My Girls My Girls
0%
Blood Pressures(2011) Nail in My Coffin
0%
No Wow(Bonus)(2005) Passion Is Accurate
0%
No Wow(2005) Rodeo Town
0%
Ash & Ice(2016) That Love
0%
No Wow(Bonus)(2005) The Void
0%
God Games(2023) Wasterpiece
0%
Ash & Ice(2016) Whirling Eye
0%
Blood Pressures(2011) You Don't Own the Road
0%
No matching quizzes found
Score Distribution
Percent of People with Each Score
Percentile by Number Answered
Your Score History
You have not taken this quiz